000 00576nam a2200181 a 4500
005 20140412111309.0
008 010404s19uu xx 00 eng d
020 _a1-57471-122-9
050 _aTR(PS E
_bCa16 1996
100 _aWilliams, Rozanne Lanczak
245 _aCan you read a map? /
_cwritten by Rozanne Lanczak Williams; illustrated by Cyd Moore.
260 _aCypress, CA :
_bCreative Teaching Press,
_c1996.
300 _a8 p. ; ill.
440 _aRead to Learn-Learn to Read
500 _aEmergent Reader Level 1
650 _aSocial studies
999 _c103886
_d103886